<?xml version="1.0" encoding="UTF-8"?>
<record
    xmlns:xsi="http://www.w3.org/2001/XMLSchema-instance"
    xsi:schemaLocation="http://www.loc.gov/MARC21/slim http://www.loc.gov/standards/marcxml/schema/MARC21slim.xsd"
    xmlns="http://www.loc.gov/MARC21/slim">

  <leader>00841nam a2200205   4500</leader>
  <controlfield tag="001">768714001</controlfield>
  <controlfield tag="003">CO-MdFUSB</controlfield>
  <controlfield tag="005">20230525102224.0</controlfield>
  <controlfield tag="008">230525s1982    us ||||| |||| 00| 0 eng d</controlfield>
  <datafield tag="040" ind1=" " ind2=" ">
    <subfield code="b">spa</subfield>
    <subfield code="a">CO-MdFUSB</subfield>
    <subfield code="c">CO-MdFUSB</subfield>
    <subfield code="d">CO-MdFUSB</subfield>
  </datafield>
  <datafield tag="041" ind1=" " ind2=" ">
    <subfield code="a">eng</subfield>
  </datafield>
  <datafield tag="100" ind1=" " ind2=" ">
    <subfield code="a">Griffin, Emory A. </subfield>
    <subfield code="e">autor</subfield>
  </datafield>
  <datafield tag="245" ind1=" " ind2=" ">
    <subfield code="a">Influencing others to pray </subfield>
    <subfield code="c">/ Em Griffin </subfield>
  </datafield>
  <datafield tag="300" ind1=" " ind2=" ">
    <subfield code="a">Volumen 3, n&#xFA;mero 1 (Winter 1982), p&#xE1;ginas 40 - 46</subfield>
    <subfield code="c">; 27 cm</subfield>
  </datafield>
  <datafield tag="520" ind1=" " ind2=" ">
    <subfield code="a">&#xBF;C&#xF3;mo podemos ayudar a otros a convertirse en oradores? El autor comparte c&#xF3;mo tres personas lo persuadieron para que llevara una vida devocional m&#xE1;s profunda.</subfield>
  </datafield>
  <datafield tag="546" ind1=" " ind2=" ">
    <subfield code="a">Texto en Ingl&#xE9;s </subfield>
  </datafield>
  <datafield tag="650" ind1=" " ind2="0">
    <subfield code="9">19</subfield>
    <subfield code="a">Vida cristiana</subfield>
  </datafield>
  <datafield tag="773" ind1="0" ind2=" ">
    <subfield code="0">68780</subfield>
    <subfield code="9">81982</subfield>
    <subfield code="o">R2471</subfield>
    <subfield code="t">Leadership : </subfield>
    <subfield code="w">(CO-MdFUSB)768714001</subfield>
    <subfield code="g">Volumen 3, n&#xFA;mero 1 (Winter 1982), p&#xE1;ginas 40 - 46</subfield>
    <subfield code="q">p&#xE1;gina 40</subfield>
  </datafield>
  <datafield tag="942" ind1=" " ind2=" ">
    <subfield code="c">ANA</subfield>
  </datafield>
  <datafield tag="999" ind1=" " ind2=" ">
    <subfield code="c">68902</subfield>
    <subfield code="d">68902</subfield>
  </datafield>
</record>
